Meilleurs joueurs de la LNH par pays - Statistiques

Statistiques générales
  • Ce quiz a été pris 236 fois
  • Le résultat moyen est 8 sur 60
Statistiques - réponses
% Correct
Canada 1 Wayne Gretzky
81%
Russie 2 Alexander Ovechkin
73%
Tchèque 1 Jaromir Jagr
48%
Canada 3 Gordie Howe
36%
Finlande 1 Teemu Selänne
33%
Canada 2 Mark Messier
32%
France 4 Pierre-Edouard Bellemare
26%
Suisse 3 Roman Josi
25%
France 2 Antoine Roussel
24%
États-Unis 1 Mike Modano
24%
Finlande 4 Saku Koivu
23%
Finlande 2 Jari Kurri
22%
Suéde 5 Daniel Sedin
21%
Suéde 4 Henrik Sedin
21%
Russie 1 Sergei Fedorov
20%
Canada 5 Marcel Dionne
19%
Autriche 1 Thomas Vanek
18%
Suéde 1 Mats Sundin
17%
Suisse 1 Mark Streit
15%
Suéde 3 Niklas Lidström
14%
Russie 5 Pavel Datsyuk
14%
Slovaquie 3 Marian Hossa
13%
Canada 4 Ron Francis
12%
Suéde 2 Daniel Alfredsson
10%
Allemagne 3 Marco Sturm
10%
Russie 4 Alexei Kovalev
9%
Slovaquie 2 Peter Stastny
9%
France 3 Philippe Bozon
9%
États-Unis 3 Jeremy Roenick
7%
Slovaquie 1 Stanley Mikita
7%
Russie 3 Alexander Mogilny
6%
Ukraine 1 Peter Bondra
6%
États-Unis 4 Keith Tkachuk
5%
Slovaquie 4 Marian Gaborik
5%
Suisse 4 Nino Niederreiter
5%
Finlande 5 Olli Jokinen
5%
Slovaquie 5 Pavol Demitra
5%
Allemagne 1 Dany Heatley
3%
Allemagne 4 Jochen Hecht
3%
États-Unis 5 Joe Mullen
3%
Tchèque 2 Patrick Elias
3%
Autriche 4 Michael Raffl
2%
États-Unis 2 Phil Housley
2%
France 5 Xavier Ouellet
2%
Autriche 3 Andre Burakovsky
1%
Tchèque 5 Bobby Holik
1%
Allemagne 5 Christian Ehrhoff
1%
Ukraine 2 Dmitri Khristich
1%
Ukraine 4 Johnny Gottselig
1%
Autriche 5 Marco Dano
1%
Suisse 2 Mark Hardy
1%
Tchèque 3 Milan Hejduk
1%
France 1 Paul MacLean
1%
Ukraine 5 Ruslan Fedotenko
1%
Finlande 3 Tomas Sandström
1%
Ukraine 3 Alexei Zhitnik
0%
Autriche 2 Michael Grabner
0%
Suisse 5 Sven Baertschi
0%
Tchèque 4 Vaclav Prospal
0%
Allemagne 2 Walt Tkaczuk
0%
Aucun quiz correspondant
Distribution des résultats
% des personnes avec chaque résultat
Percentile par nombre de réponses
Votre historique - résultats
Vous n’avez pas pris ce quiz